Normal view
MARC view
Entry Nombre personal
001 - NÚMERO DE CONTROL
- campo de control: 11012
003 - IDENTIFICADOR DEL NÚMERO DE CONTROL
- campo de control: BNPHU
005 - FECHA Y HORA DE LA ÚLTIMA TRANSACCIÓN
- campo de control: 20250708144319.0
008 - DATOS DE LONGITUD FIJA
- campo de control de longitud fija: 200615|| aca||aabn | a|a d
040 ## - FUENTE DE LA CATALOGACIÓN
- Centro catalogador/agencia de origen: DO-SdBNP
- Lengua de catalogación: spa
- Centro/agencia transcriptor: BNPHU
- Normas de descripción: rda
100 1# - ENCABEZAMIENTO-NOMBRE DE PERSONA
- Nombre de persona: Bretón Martínez, Freddy Antonio de Jesús,
- Fechas asociadas al nombre: 1947-
- Término indicativo de función/relación: autor
370 ## - LUGAR ASOCIADO
- Lugar de nacimiento: Canca la Reina, Espaillat (República Dominicana)
372 ## - CAMPO DE ACTIVIDAD
- Campo de actividad: Religioso
374 ## - OCUPACIÓN
- Ocupación: Arzobispo
- Ocupación: Escritor
375 ## - GÉNERO/SEXO
- Género/Sexo: Masculino
377 ## - LENGUA/LENGUAJE ASOCIADO
- Código del idioma: spa
400 1# - TRAZADO DE VÉASE--NOMBRE DE PERSONA
- Nombre de persona: Bretón, Freddy Martínez
670 ## - FUENTE DE DATOS ENCONTRADOS
- Cita de la fuente: Work cat.: (OSt)3389: Bretón Martínez, Freddy, 1947-, Entre la voz y el fuego /, 2007.
